00285 a2200109 450000500170000008200150001710000190003224500250005126000400007630000410011670000180015720250410141013.0 a658.85 HAM aHAMPTOM,R. E.  aCollege Salesmanship aNew York, bGregg Division, c1970. aviii, 530p., ill., bIndex, c24cm.  aZABIN, J. B.